| 000 | 00439nam a2200157Ia 4500 | ||
|---|---|---|---|
| 008 | 210716s2004 xx 000 0 und d | ||
| 020 | _a0070586918 | ||
| 041 | _aeng | ||
| 082 | _a155 PAPD | ||
| 100 | _aPapalia, Diane E;Olds, Sally Wendkos. | ||
| 245 | _aHuman development. | ||
| 250 | _a9 | ||
| 260 |
_aNew Delhi _bTata McGraw Hill Publishing Company Ltd _c2004 |
||
| 300 | _axxviiI,706,G11,B82,A4,N14 | ||
| 650 | _aGeneral Management | ||
| 999 |
_c199248 _d199248 |
||